000 00674nam a2200241Ia 4500
003 OSt
005 20220925204841.0
006 a|||||r|||| 00| 0
007 ta
008 220923b |||||||| |||| 00| 0 eng d
037 _cGeneral Book
040 _aRTL
_cRTL
_beng
041 _2eng
_aeng
082 _aY, L0
100 _aGrathoff Richard H
_9269137
245 0 _aStructure of social inconsistencies
_b A contribuati
260 _aHague
_bMartinus Nijhoff
_c1970
300 _aviii, 186p
_ccm.
500 _aBibliography P-180-84
650 _aEssays Sociology
942 _hY, L0
_cGB
_2CC
999 _c550592
_d550592